| 000 | 00496nam a2200193Ia 4500 | ||
|---|---|---|---|
| 999 |
_c64902 _d64902 |
||
| 003 | 0100 | ||
| 005 | 20170428095220.0 | ||
| 008 | 130303s9999 xx 000 0 und d | ||
| 040 | _cARRUPELIB | ||
| 050 | _aDT448.25.N9A5 | ||
| 100 |
_aNyerere, Julius K. _915446 |
||
| 245 | _aFreedom and development /Uhuru na Maendeleo | ||
| 245 | _ba selection from writings and speeches 1968-1973 | ||
| 260 |
_bOxford University press _aNairobi _c1973 |
||
| 300 | _a400p. | ||
| 300 | _b 22cm | ||
| 650 |
_aTanzania _xPolitics _xAddresses _930086 |
||
| 942 |
_2lcc _02 _cMONOGRAPH |
||